000 00691nam a2200289Ia 4500
005 20260324132151.0
008 008 260324s9999 xx 000 0 eng d
020 _a9781003234098
037 _aEBOOK
040 _aCRL
040 _beng
040 _cCRL
041 _2eng
041 _aeng
084 _qCRL
100 _aJudy Leimbach; Sharon Eckert
_91188269
245 0 _aDetective Club
245 0 _bMysteries for Young Thinkers (Grades 2-4)
260 _bTaylor and Francis
260 _c2005
365 _a
365 _b56.99
856 _uhttp://www.taylorfrancis.com/books/9781003234098
942 _cEBOOK
999 _c1786120
_d1786120